[Event "Rewal 2011 - Open B"]
[Site "Rewal"]
[Date "2011.08.19"]
[Round "1.33"]
[White "Szusterowski, Przemyslaw"]
[Black "Paterek, Bogumil"]
[Result "1-0"]
[WhiteElo "1913"]
[BlackElo "1654"]
[EventDate "2011.??.??"]
[PlyCount "129"]

1.d4 d5 2.c4 dxc4 3.e3 Nf6 4.Bxc4 c6 5.Nf3 Bg4 6.O-O e6 7.a4 a5 8.Nc3 Bb4 
9.Be2 Na6 10.h3 Bh5 11.Qc2 Bg6 12.Bd3 Bxd3 13.Qxd3 Nc7 14.e4 h6 15.Bf4 Qe7
16.Rac1 Nh5 17.Bh2 O-O 18.Nb5 Na6 19.Nc3 Rad8 20.Rfd1 Rd7 21.Ne5 Rdd8 22.
Nxc6 bxc6 23.Qxa6 Qg5 24.Qc4 Rc8 25.e5 Nf4 26.Bxf4 Qxf4 27.Na2 c5 28.Nxb4 
cxd4 29.Qxc8 Rxc8 30.Rxc8+ Kh7 31.Nd3 Qe4 32.Rd2 g5 33.Rc5 Qa8 34.f3 Kg6 
35.Nf2 Qa7 36.Ne4 Qb6 37.Rb5 Qd8 38.Kh2 h5 39.g3 g4 40.hxg4 hxg4 41.fxg4 
d3 42.Nf2 Qh8+ 43.Kg1 Qc8 44.Rxd3 Qc1+ 45.Kg2 Qe1 46.Rd1 Qe2 47.Rxa5 Qxb2 
48.Rb5 Qc3 49.Rdb1 Qc6+ 50.Kh2 Qf3 51.R1b2 Qa8 52.a5 Qh8+ 53.Kg1 Qa8 54.
Ra2 Qa6 55.Rb6 Qc4 56.Rab2 Qc3 57.Kh2 Qxa5 58.R6b5 Qa8 59.Rb8 Qf3 60.Nh3 
Kg7 61.Rf2 Qd5 62.Ng5 f5 63.exf6+ Kh6 64.f7 Kxg5 65.f8=Q 1-0

[Event "Rewal 2011 - Open B"]
[Site "Rewal"]
[Date "2011.08.19"]
[Round "1.35"]
[White "Starczewska, Dominika"]
[Black "Nowak, Kamil"]
[Result "1-0"]
[WhiteElo "1909"]
[BlackElo "1637"]
[EventDate "2011.??.??"]
[PlyCount "57"]

1.e4 c5 2.b4 cxb4 3.a3 bxa3 4.d4 d6 5.Bd3 g6 6.c3 Bg7 7.Bxa3 Nc6 8.Ne2 Nf6
9.O-O O-O 10.Nd2 Re8 11.f4 d5 12.e5 Nd7 13.f5 Nb6 14.Ng3 e6 15.fxg6 fxg6 
16.Nh5 Ne7 17.Nxg7 Kxg7 18.Bc1 Bd7 19.Nf3 Qc7 20.Qd2 Ng8 21.Ng5 Rf8 22.Ba3
Rxf1+ 23.Rxf1 Nh6 24.Be7 Re8 25.Bf6+ Kg8 26.Nxh7 Nf5 27.Bxf5 exf5 28.Qh6 
Be6 29.Qxg6+ 1-0

[Event "Rewal 2011 - Open B"]
[Site "Rewal"]
[Date "2011.08.19"]
[Round "1.36"]
[White "Krzeczowski, Tadeusz"]
[Black "Bes, Michal"]
[Result "0-1"]
[WhiteElo "1632"]
[BlackElo "1906"]
[EventDate "2011.??.??"]
[PlyCount "118"]

1.e4 Nf6 2.e5 Nd5 3.c4 Nb6 4.d4 d6 5.f4 dxe5 6.fxe5 Nc6 7.Nf3 Bg4 8.Be3 e6
9.c5 Nd5 10.Bf2 Be7 11.Bb5 O-O 12.Bxc6 bxc6 13.O-O Rb8 14.Qd2 Bxf3 15.gxf3
Bg5 16.Qe2 Nf4 17.Qe4 Rxb2 18.Nc3 Nh3+ 19.Kg2 Nxf2 20.Rxf2 Rxf2+ 21.Kxf2 
Bh4+ 22.Kg2 Qg5+ 23.Kh1 Bf2 24.f4 Qg6 25.Qxg6 hxg6 26.Ne2 Rb8 27.Kg2 Bh4 
28.Kf3 Rb2 29.h3 g5 30.fxg5 Bxg5 31.Nc3 Rd2 32.Ne2 Rd3+ 33.Kg2 Be3 34.Rb1 
Bxd4 35.Nxd4 Rxd4 36.Rb7 Rd5 37.Rxa7 Rxc5 38.Rxc7 Rxe5 39.Ra7 c5 40.a4 c4 
41.Rc7 Re2+ 42.Kf3 Rh2 43.Kg3 Rc2 44.a5 Ra2 45.Rc5 c3 46.Rxc3 Rxa5 47.Rc8+
Kh7 48.Rc7 Kg6 49.Rb7 f5 50.Rb6 Kf6 51.Rc6 g5 52.Rb6 Ra3+ 53.Kg2 f4 54.Rb5
e5 55.Rb8 Kf5 56.Rf8+ Ke4 57.Rg8 Rg3+ 58.Kh2 Kf3 59.Re8 e4 0-1

[Event "Rewal 2011 - Open B"]
[Site "Rewal"]
[Date "2011.08.19"]
[Round "1.38"]
[White "Szmer, Aleksander"]
[Black "Sliwicki, Damian"]
[Result "1/2-1/2"]
[WhiteElo "1618"]
[BlackElo "1899"]
[EventDate "2011.??.??"]
[PlyCount "97"]

1.e4 e5 2.Nf3 Nf6 3.d4 Nxe4 4.Nxe5 d6 5.Nf3 d5 6.Bd3 Bf5 7.O-O Be7 8.Bf4 
g5 9.Be3 Nc6 10.Nc3 Qd7 11.Bxe4 dxe4 12.Ne5 Nxe5 13.dxe5 O-O-O 14.Qxd7+ 
Rxd7 15.Rad1 Rhd8 16.Rxd7 Rxd7 17.Ne2 c5 18.Ng3 Bg6 19.f4 exf3 20.Rxf3 Rd5
21.Nf5 Bxf5 22.Rxf5 f6 23.Kf2 Kd7 24.c4 Rxe5 25.Rxe5 fxe5 26.Kf3 Ke6 27.
Ke4 g4 28.b3 h5 29.g3 h4 30.gxh4 Bxh4 31.Bxc5 a6 32.Be3 Be1 33.a3 Bc3 34.
Bc5 a5 35.b4 axb4 36.axb4 Bd2 37.b5 Bf4 38.Bg1 Bd2 39.Bf2 Bf4 40.Bg1 Bd2 
41.c5 Bf4 42.c6 bxc6 43.bxc6 Kd6 44.Kf5 g3 45.hxg3 Bxg3 46.Ke4 Kxc6 47.Bd4
Bf2 48.Bxf2 Kb5 49.Kxe5 1/2-1/2

[Event "Rewal 2011 - Open B"]
[Site "Rewal"]
[Date "2011.08.19"]
[Round "1.39"]
[White "Borawski, Jakub"]
[Black "Zhuk, Dmitriy"]
[Result "1-0"]
[WhiteElo "1897"]
[BlackElo "1610"]
[EventDate "2011.??.??"]
[PlyCount "67"]

1.b3 d5 2.e3 Nf6 3.Bb2 Nc6 4.f4 Bf5 5.Bb5 e6 6.Nf3 a6 7.Bxc6+ bxc6 8.O-O 
Bd6 9.Ne5 c5 10.d3 O-O 11.Nd2 Bxe5 12.Bxe5 Ng4 13.Qe1 f6 14.Bb2 d4 15.Nc4 
Qd7 16.e4 Bg6 17.h3 Nh6 18.Qa5 f5 19.e5 Rad8 20.Qxc5 Kh8 21.Na5 Qb5 22.
Qxb5 axb5 23.Nc6 Rd5 24.Nxd4 Bf7 25.c4 bxc4 26.dxc4 Rd7 27.a4 Rfd8 28.Nc6 
Rc8 29.a5 Be8 30.Nd4 c5 31.Nxe6 Rd2 32.Rab1 Rd3 33.a6 Bc6 34.Nxc5 1-0

[Event "Rewal 2011 - Open B"]
[Site "Rewal"]
[Date "2011.08.19"]
[Round "1.40"]
[White "Sliwicka, Alicja"]
[Black "Zhuk, Ilya"]
[Result "0-1"]
[WhiteElo "1609"]
[BlackElo "1889"]
[EventDate "2011.??.??"]
[PlyCount "72"]

1.e4 e6 2.d4 d5 3.exd5 exd5 4.Bd3 Nf6 5.Nf3 Bd6 6.Bg5 O-O 7.O-O Be6 8.Re1 
Nbd7 9.Nbd2 c5 10.c4 Qb6 11.Qb3 Qxb3 12.axb3 h6 13.Bh4 g5 14.Bg3 Bxg3 15.
fxg3 g4 16.Ne5 cxd4 17.b4 Nxe5 18.Rxe5 dxc4 19.Bxc4 Bxc4 20.Nxc4 Rfe8 21.
Rc5 a6 22.Nb6 Rad8 23.Rc7 d3 24.Rd1 Re2 25.Rxb7 d2 26.Kf1 Rde8 27.Rxd2 
Rxd2 28.Nc4 Rde2 29.Rb8 Rxb8 30.Kxe2 Rxb4 31.Kd3 Kg7 32.h3 gxh3 33.gxh3 h5
34.h4 Nd5 35.Kd4 Nb6 36.Kc5 Rxc4+ 0-1

[Event "Rewal 2011 - Open B"]
[Site "Rewal"]
[Date "2011.08.19"]
[Round "1.41"]
[White "Adamczyk, Piotr"]
[Black "Jasniewicz, Rafal"]
[Result "1/2-1/2"]
[WhiteElo "1889"]
[BlackElo "1605"]
[EventDate "2011.??.??"]
[PlyCount "113"]

1.e4 c6 2.d4 d5 3.e5 Bf5 4.Bd3 Bxd3 5.Qxd3 Nd7 6.f4 e6 7.Nf3 c5 8.c3 Ne7 
9.b3 cxd4 10.cxd4 Nc6 11.Bd2 Rc8 12.a3 Qb6 13.b4 Qd8 14.O-O a6 15.b5 axb5 
16.Qxb5 Qb6 17.Nc3 Nxd4 18.Qxb6 Nxf3+ 19.Rxf3 Nxb6 20.f5 Nc4 21.fxe6 Nxd2 
22.exf7+ Ke7 23.Nxd5+ Ke6 24.Nf4+ Kxf7 25.e6+ Ke8 26.Rd3 Bc5+ 27.Kh1 Ne4 
28.Nh3 Rc7 29.Rad1 Ke7 30.Rd7+ Rxd7 31.Rxd7+ Kxe6 32.Rxb7 Rd8 33.g3 Rd7 
34.Nf4+ Ke7 35.Rb3 g5 36.Ne2 Rd2 37.Nc3 Nxc3 38.Rxc3 Kd6 39.a4 g4 40.Rc1 
Ra2 41.h3 Bd4 42.hxg4 Ra1 43.Rxa1 Bxa1 44.Kh2 Kc5 45.Kh3 Bf6 46.g5 Bxg5 
47.Kg4 h6 48.Kh3 Kb4 49.Kh2 Kxa4 50.Kh3 Kb4 51.Kg4 Kc3 52.Kh3 Kd4 53.Kh2 
Ke4 54.Kg2 Kf5 55.Kf1 Kg4 56.Kg1 Kxg3 57.Kh1 1/2-1/2

[Event "Rewal 2011 - Open B"]
[Site "Rewal"]
[Date "2011.08.19"]
[Round "1.42"]
[White "Przybylska, Agata"]
[Black "Luka, Krzysztof"]
[Result "0-1"]
[WhiteElo "1604"]
[BlackElo "1873"]
[EventDate "2011.??.??"]
[PlyCount "68"]

1.e4 d6 2.d4 Nf6 3.Nc3 g6 4.Be2 Bg7 5.Be3 Nbd7 6.Nf3 O-O 7.O-O e5 8.dxe5 
dxe5 9.h3 Qe7 10.Nd5 Nxd5 11.Qxd5 c6 12.Qb3 Kh8 13.Rad1 f5 14.Bg5 Nf6 15.
exf5 gxf5 16.Rd2 a6 17.Rfd1 e4 18.Nd4 c5 19.Qb6 cxd4 20.Rxd4 h6 21.Bh4 Qe5
22.Rd8 Be6 23.Rxa8 Rxa8 24.Bxf6 Bxf6 25.Bh5 Bg7 26.Rd6 Bd5 27.Bg6 Rg8 28.
Bf7 Bc6 29.Rd8 Rf8 30.c3 Qe7 31.Rxf8+ Qxf8 32.Qc7 Bf6 33.Bg6 Bg7 34.Bf7 f4
0-1

[Event "Rewal 2011 - Open B"]
[Site "Rewal"]
[Date "2011.08.19"]
[Round "1.43"]
[White "Blaszkiewicz, Mateusz"]
[Black "Dobrzanska, Joanna"]
[Result "1-0"]
[WhiteElo "1871"]
[BlackElo "1596"]
[EventDate "2011.??.??"]
[PlyCount "51"]

1.e4 c5 2.Nf3 Nc6 3.d4 cxd4 4.Nxd4 Nf6 5.Nc3 e5 6.Ndb5 d6 7.Nd5 Nxd5 8.
exd5 Nb8 9.c4 Be7 10.Bd3 O-O 11.O-O Nd7 12.Be3 a6 13.Nc3 Nf6 14.f3 Bd7 15.
b4 Rc8 16.Rc1 Ne8 17.Na4 Bxa4 18.Qxa4 f5 19.c5 Kh8 20.c6 bxc6 21.Rxc6 Rxc6
22.Qxc6 Qb8 23.a3 Nc7 24.Rc1 Ne8 25.Qxa6 f4 26.Rc8 1-0

[Event "Rewal 2011 - Open B"]
[Site "Rewal"]
[Date "2011.08.19"]
[Round "1.44"]
[White "Mirski, Roman"]
[Black "Cyboran, Katarzyna"]
[Result "0-1"]
[WhiteElo "1591"]
[BlackElo "1869"]
[EventDate "2011.??.??"]
[PlyCount "80"]

1.e4 c5 2.Nf3 e6 3.d4 cxd4 4.Nxd4 a6 5.c4 b6 6.Nc3 Bb7 7.Be2 d6 8.O-O Nf6 
9.f3 Qc7 10.Be3 Nbd7 11.Rc1 Be7 12.Qd2 O-O 13.Rfd1 Rac8 14.Qe1 Ne5 15.Na4 
Nfd7 16.b4 Qb8 17.Nb2 Qa8 18.g4 Rfe8 19.h4 Bf8 20.h5 d5 21.f4 Nxc4 22.Nxc4
dxc4 23.Nxe6 Rxe6 24.Rxd7 Rxe4 25.Qd2 Bxb4 26.Qxb4 Rxe3 27.Kf2 Re4 28.Bxc4
Rxf4+ 29.Kg3 Rf3+ 30.Kh4 Qb8 31.Rd6 Rd8 32.Rcd1 Rxd6 33.Rxd6 Qc7 34.Qe1 
Qxd6 35.Qe8+ Qf8 36.Qd7 g5+ 37.Kxg5 Qg7+ 38.Kh4 Qf6+ 39.g5 Qf4+ 40.Qg4 
Qh2+ 0-1

[Event "Rewal 2011 - Open B"]
[Site "Rewal"]
[Date "2011.08.19"]
[Round "1.45"]
[White "Wrobel, Maciej"]
[Black "Bialowas, Inga"]
[Result "1-0"]
[WhiteElo "1868"]
[BlackElo "1590"]
[EventDate "2011.??.??"]
[PlyCount "47"]

1.e4 c5 2.Nf3 e6 3.d4 cxd4 4.Nxd4 Nf6 5.Nc3 d6 6.Bd3 Nc6 7.Nxc6 bxc6 8.O-O
Be7 9.e5 Nd5 10.Ne4 O-O 11.Qh5 f5 12.exf6 Bxf6 13.Ng5 h6 14.Nh7 Rf7 15.Bg6
Re7 16.c4 Nb6 17.Nxf6+ gxf6 18.Bxh6 e5 19.Bf7+ Rxf7 20.Qg6+ Kh8 21.Qxf7 
Qg8 22.Qxf6+ Kh7 23.Be3 Nxc4 24.Qh6# 1-0

[Event "Rewal 2011 - Open B"]
[Site "Rewal"]
[Date "2011.08.19"]
[Round "1.46"]
[White "Maczka, Miroslawa"]
[Black "Stankowski, Aleksander"]
[Result "0-1"]
[WhiteElo "1589"]
[BlackElo "1863"]
[EventDate "2011.??.??"]
[PlyCount "50"]

1.c4 Nf6 2.d4 g6 3.Nc3 Bg7 4.e3 O-O 5.Bd3 d6 6.Nge2 Nc6 7.O-O e5 8.a3 Nh5 
9.dxe5 Nxe5 10.Qc2 Qh4 11.Nd5 c6 12.Ndf4 Nxf4 13.Nxf4 g5 14.Ne2 f5 15.Ng3 
Nxd3 16.Qxd3 f4 17.Ne2 f3 18.Ng3 fxg2 19.Rd1 Rf6 20.Qe4 Bg4 21.Rd4 Rh6 22.
Qxg2 Bxd4 23.exd4 Rf8 24.f4 gxf4 25.Ne4 Qe1+ 0-1

[Event "Rewal 2011 - Open B"]
[Site "Rewal"]
[Date "2011.08.19"]
[Round "1.47"]
[White "Kuspak, Aleksander"]
[Black "Zhuk, Ivan"]
[Result "1-0"]
[WhiteElo "1862"]
[BlackElo "1584"]
[EventDate "2011.??.??"]
[PlyCount "67"]

1.e4 e6 2.d4 d5 3.Nc3 Bb4 4.e5 c5 5.a3 Bxc3+ 6.bxc3 Ne7 7.Bd3 Qc7 8.Nf3 c4
9.Be2 Nbc6 10.a4 Bd7 11.Qd2 Ng6 12.h4 Qa5 13.O-O b5 14.Ba3 bxa4 15.Rfb1 
Nge7 16.Rb7 Nd8 17.Bxe7 Nxb7 18.Qg5 Rg8 19.Ba3 Qd8 20.Qh5 Bc6 21.Ng5 Kd7 
22.Qxf7+ Kc8 23.Nxe6 Be8 24.Qxg8 Qd7 25.Nxg7 Kc7 26.Bg4 Qc6 27.Nxe8+ Rxe8 
28.Qf7+ Kd8 29.Rb1 Qc7 30.Rxb7 Qxf7 31.Rxf7 h5 32.Rd7+ Kc8 33.Re7+ hxg4 
34.Rxe8+ 1-0

[Event "Rewal 2011 - Open B"]
[Site "Rewal"]
[Date "2011.08.19"]
[Round "1.48"]
[White "Zezulkin, Alina"]
[Black "Baryla, Lukasz"]
[Result "0-1"]
[WhiteElo "1583"]
[BlackElo "1860"]
[EventDate "2011.??.??"]
[PlyCount "51"]

1.e4 e6 2.d4 d5 3.Nc3 Nf6 4.e5 Nfd7 5.Bd3 c5 6.Nf3 Nc6 7.Be3 cxd4 8.Nxd4 
Ncxe5 9.f4 Nxd3+ 10.Qxd3 a6 11.O-O Bd6 12.Rad1 O-O 13.Nf3 Nc5 14.Qe2 b5 
15.g3 Bd7 16.Ne5 Be8 17.Bd4 Nd7 18.Nc6 Qc7 19.Qg4 g6 20.Ne5 Bc5 21.Ne2 Nf6
22.Qh4 Ne4 23.Ng4 Bxd4+ 24.Nxd4 Qc5 25.c3 f5 26.Kh1 0-1

[Event "Rewal 2011 - Open B"]
[Site "Rewal"]
[Date "2011.08.19"]
[Round "1.49"]
[White "Trepkowski, Piotr"]
[Black "Budnik, Kazimierz"]
[Result "1-0"]
[WhiteElo "1838"]
[BlackElo "1567"]
[EventDate "2011.??.??"]
[PlyCount "31"]

1.e4 c5 2.d4 cxd4 3.c3 e6 4.Nf3 Nf6 5.e5 Nd5 6.c4 Bb4+ 7.Nbd2 Nf4 8.a3 Ba5
9.b4 Bc7 10.Ne4 d5 11.exd6 Bxd6 12.Qxd4 O-O 13.Nxd6 Ng6 14.Bb2 f6 15.c5 e5
16.Bc4+ 1-0

[Event "Rewal 2011 - Open B"]
[Site "Rewal"]
[Date "2011.08.19"]
[Round "1.50"]
[White "Stezycka, Paulina"]
[Black "Cyra, Dariusz"]
[Result "1/2-1/2"]
[WhiteElo "1558"]
[BlackElo "1830"]
[EventDate "2011.??.??"]
[PlyCount "62"]

1.e4 e6 2.d3 d5 3.Nd2 Nf6 4.g3 c5 5.Bg2 Nc6 6.Ngf3 Be7 7.O-O O-O 8.Re1 b5 
9.e5 Nd7 10.Nf1 Bb7 11.h4 Qc7 12.Qe2 Rfd8 13.N1h2 d4 14.Ng4 Nb6 15.h5 Nd5 
16.h6 g6 17.Ng5 Rab8 18.Bxd5 Rxd5 19.Qf3 Nd8 20.Nf6+ Kh8 21.Nxd5 Bxd5 22.
Nxf7+ Kg8 23.Qg4 Nxf7 24.Bf4 Qb7 25.Kh2 Bf3 26.Qxe6 Bd5 27.Qh3 Re8 28.Qg4 
Qc6 29.Rg1 Be6 30.Qe2 Bg5 31.Qd2 Qf3 1/2-1/2

[Event "Rewal 2011 - Open B"]
[Site "Rewal"]
[Date "2011.08.19"]
[Round "1.51"]
[White "Majdan, Damian"]
[Black "Strek, Jaroslaw"]
[Result "1-0"]
[WhiteElo "1829"]
[BlackElo "1551"]
[EventDate "2011.??.??"]
[PlyCount "71"]

1.e4 c5 2.Nf3 d6 3.d4 cxd4 4.Nxd4 Nf6 5.Nc3 e6 6.Bg5 Be7 7.Bd3 Nc6 8.Nf3 
a6 9.O-O O-O 10.Qe2 Qc7 11.Rfe1 Nb4 12.e5 dxe5 13.Bxf6 Bxf6 14.Bxh7+ Kxh7 
15.Qe4+ Kg8 16.Qxb4 b5 17.Re2 Bb7 18.Qg4 b4 19.Ne4 Bxe4 20.Qxe4 Rab8 21.
Nxe5 Rb5 22.f4 Qc5+ 23.Kh1 Rfb8 24.Nd3 Qd6 25.Rf1 Bd4 26.f5 a5 27.Rf3 f6 
28.g4 Kf7 29.Rg3 Rh8 30.g5 Rbb8 31.gxf6 gxf6 32.Reg2 Rbg8 33.Qb7+ Kf8 34.
Qc8+ Kf7 35.Rxg8 Rxh2+ 36.Rxh2 1-0

[Event "Rewal 2011 - Open B"]
[Site "Rewal"]
[Date "2011.08.19"]
[Round "1.52"]
[White "Jastrzebski, Konrad"]
[Black "Klimek, Marcin"]
[Result "0-1"]
[WhiteElo "1536"]
[BlackElo "1827"]
[EventDate "2011.??.??"]
[PlyCount "116"]

1.e4 e6 2.d3 c5 3.Nf3 Nc6 4.g3 g6 5.Bg2 Bg7 6.O-O Nge7 7.Re1 d6 8.Nbd2 O-O
9.h4 e5 10.c3 f5 11.Qe2 f4 12.Nf1 h6 13.Bd2 Be6 14.N1h2 Qd7 15.b3 a5 16.c4
Bf6 17.Bc3 g5 18.hxg5 hxg5 19.gxf4 gxf4 20.Nd2 Kf7 21.Bf3 Rg8+ 22.Kh1 Ng6 
23.Bh5 Ke7 24.Rg1 Nh4 25.Rxg8 Rxg8 26.Rg1 Rh8 27.Bg4 Qe8 28.Bxe6 Kxe6 29.
Qg4+ Ke7 30.Ndf3 Nxf3 31.Qxf3 Nd8 32.Rg2 Rh7 33.Kg1 Qh8 34.Qg4 Ne6 35.Qf5 
Rh5 36.Qg4 Ng5 37.Kf1 Rxh2 38.Rxh2 Qxh2 39.Qc8 Qh3+ 40.Qxh3 Nxh3 41.Bxa5 
f3 42.b4 Bh4 43.b5 Bxf2 44.a4 Kd7 45.Bd2 Bh4 46.a5 Nf4 47.a6 bxa6 48.bxa6 
Kc8 49.Ba5 Nxd3 50.a7 Kb7 51.Bc7 Kxa7 52.Bxd6 f2 53.Ke2 Kb6 54.Kf1 Ka5 55.
Kg2 Kb4 56.Kh2 f1=Q 57.Bxc5+ Kxc4 58.Bf2 Qxf2+ 0-1

[Event "Rewal 2011 - Open B"]
[Site "Rewal"]
[Date "2011.08.19"]
[Round "1.53"]
[White "Miczek, Szczepan"]
[Black "Niewiarowski, Mieszko"]
[Result "1/2-1/2"]
[WhiteElo "1823"]
[BlackElo "1535"]
[EventDate "2011.??.??"]
[PlyCount "89"]

1.e4 c6 2.d4 d5 3.Nc3 dxe4 4.Nxe4 Nf6 5.Nxf6+ exf6 6.Nf3 Bd6 7.Bc4 O-O 8.
O-O Bg4 9.h3 Bh5 10.Re1 Nd7 11.Be3 Nb6 12.Bd3 Nd5 13.c3 Bc7 14.Qc2 Bxf3 
15.Bxh7+ Kh8 16.gxf3 Qd6 17.Be4 Qh2+ 18.Kf1 Nxe3+ 19.fxe3 Qxh3+ 20.Qg2 
Qxg2+ 21.Kxg2 g6 22.f4 Kg7 23.Kf3 Rh8 24.Rh1 f5 25.Bc2 Rxh1 26.Rxh1 Rh8 
27.Rxh8 Kxh8 28.e4 fxe4+ 29.Bxe4 f5 30.Bd3 Kg7 31.Bc4 Kf6 32.Bg8 Bd6 33.b3
Bc7 34.a4 Ba5 35.b4 Bc7 36.Bc4 a6 37.b5 axb5 38.axb5 Ba5 39.bxc6 bxc6 40.
Ba6 Bxc3 41.Bb7 Bxd4 42.Bxc6 g5 43.fxg5+ Kxg5 44.Bd5 f4 45.Bb7 1/2-1/2

[Event "Rewal 2011 - Open B"]
[Site "Rewal"]
[Date "2011.08.19"]
[Round "1.54"]
[White "Mazur, Bartlomiej"]
[Black "Bregoszewski, Leon"]
[Result "0-1"]
[WhiteElo "1531"]
[BlackElo "1821"]
[EventDate "2011.??.??"]
[PlyCount "118"]

1.e4 c5 2.Nf3 Nc6 3.d4 cxd4 4.Nxd4 e6 5.Nc3 a6 6.Be2 Be7 7.O-O d6 8.Be3 
Qc7 9.Na4 b5 10.Nxc6 Qxc6 11.Nb6 Rb8 12.Nxc8 Rxc8 13.Bd3 Nf6 14.f3 O-O 15.
Rc1 d5 16.e5 Nd7 17.f4 Bc5 18.Bxc5 Nxc5 19.f5 Qb6 20.Kh1 Nxd3 21.Qxd3 exf5
22.Rxf5 Qe6 23.Qh3 g6 24.Rg5 Qxh3 25.gxh3 h6 26.Rg2 Rc6 27.Rd2 Rd8 28.Rcd1
b4 29.Kg2 g5 30.Kf3 Kg7 31.Rg1 Re6 32.Re2 Kg6 33.h4 Rde8 34.hxg5 hxg5 35.
Rg4 a5 36.h4 f6 37.hxg5 fxg5 38.Rd4 Rxe5 39.Red2 Rf5+ 40.Kg3 Ree5 41.c4 
bxc3 42.bxc3 Re3+ 43.Kg2 Rxc3 44.Rxd5 Rxd5 45.Rxd5 Rc2+ 46.Kg3 Rxa2 47.Kg4
Ra4+ 48.Kg3 Kh5 49.Rc5 Ra3+ 50.Kg2 Kh4 51.Rc8 a4 52.Rd8 Ra2+ 53.Kf3 g4+ 
54.Kf4 Rf2+ 55.Ke3 Rf3+ 56.Ke2 a3 57.Ra8 Kg3 58.Kd2 a2 59.Rxa2 Rf2+ 0-1

[Event "Rewal 2011 - Open B"]
[Site "Rewal"]
[Date "2011.08.19"]
[Round "1.55"]
[White "Popiol, Michal"]
[Black "Bilczewski, Kacper"]
[Result "1-0"]
[WhiteElo "1821"]
[BlackElo "1529"]
[EventDate "2011.??.??"]
[PlyCount "73"]

1.d4 d5 2.c4 e6 3.Nc3 Nf6 4.cxd5 exd5 5.Bg5 Be7 6.e3 O-O 7.Bd3 c6 8.Qc2 h6
9.Bh4 Nbd7 10.Nge2 Re8 11.O-O Nf8 12.f3 N6h7 13.Bxe7 Qxe7 14.e4 Be6 15.
Rae1 Qd7 16.Na4 b6 17.b4 Qb7 18.e5 Bd7 19.f4 Rac8 20.f5 Rc7 21.Rc1 Qb8 22.
Nf4 Rd8 23.Nh5 c5 24.bxc5 Bxa4 25.Qxa4 bxc5 26.dxc5 Nd7 27.Qg4 Ng5 28.Qd4 
Re8 29.e6 Nf6 30.Nxf6+ gxf6 31.h4 Nh7 32.Qxd5 fxe6 33.fxe6 Rce7 34.Bxh7+ 
Kxh7 35.Rxf6 Qg3 36.Qf5+ Kg7 37.Rg6+ 1-0

[Event "Rewal 2011 - Open B"]
[Site "Rewal"]
[Date "2011.08.19"]
[Round "1.56"]
[White "Drela, Michal"]
[Black "Radzicki, Wieslaw"]
[Result "0-1"]
[WhiteElo "1459"]
[BlackElo "1820"]
[EventDate "2011.??.??"]
[PlyCount "65"]

1.e4 e5 2.Nf3 Nf6 3.Nxe5 d6 4.Nf3 Nxe4 5.d4 d5 6.Bd3 Nc6 7.c3 Be7 8.h3 Bf5
9.Bf4 O-O 10.Qc2 Bd6 11.Bxd6 Qxd6 12.Nbd2 Nxd2 13.Qxd2 Rfe8+ 14.Kd1 Be4 
15.Ne1 Na5 16.b3 b6 17.f3 Bg6 18.Bxg6 hxg6 19.Nc2 c5 20.Kc1 Nc6 21.Kb2 g5 
22.Rad1 Red8 23.dxc5 bxc5 24.a4 Rab8 25.Ka2 Ne5 26.Na3 c4 27.bxc4 Qc6 28.
cxd5 Qxa4 29.Qc2 Qxc2+ 30.Nxc2 Nc4 31.Rb1 Rxb1 32.Rxb1 Rxd5 33.Nd4 0-1

[Event "Rewal 2011 - Open B"]
[Site "Rewal"]
[Date "2011.08.19"]
[Round "1.57"]
[White "Gawiec, Konrad"]
[Black "Lapa, Aleksandra"]
[Result "1-0"]
[WhiteElo "1820"]
[BlackElo "1458"]
[EventDate "2011.??.??"]
[PlyCount "73"]

1.e4 c6 2.d4 d5 3.Nc3 dxe4 4.Nxe4 Bf5 5.Ng3 Bg6 6.h4 h6 7.Nf3 Nf6 8.h5 Bh7
9.Bd3 Bxd3 10.Qxd3 e6 11.Bd2 Nbd7 12.O-O-O Qc7 13.Ne4 Nxe4 14.Qxe4 Nf6 15.
Qe2 Bd6 16.g3 O-O-O 17.c4 c5 18.Bc3 Be7 19.Kb1 Rhg8 20.Ne5 Bd6 21.f4 Qe7 
22.a3 Nd7 23.Rhe1 g5 24.dxc5 Bxc5 25.b4 Bb6 26.c5 Bc7 27.Rc1 Nb8 28.Bb2 
Rd5 29.Qc4 Re8 30.b5 b6 31.c6 Red8 32.Qa4 a6 33.bxa6 Ra5 34.Qxa5 bxa5 35.
a7 Nxc6 36.a8=Q+ Nb8 37.Rxc7+ 1-0

[Event "Rewal 2011 - Open B"]
[Site "Rewal"]
[Date "2011.08.19"]
[Round "1.59"]
[White "Faron, Rafal"]
[Black "Dobrzanska, Magdalena"]
[Result "1-0"]
[WhiteElo "1816"]
[BlackElo "1417"]
[EventDate "2011.??.??"]
[PlyCount "99"]

1.d4 f5 2.c4 e6 3.g3 Nf6 4.Bg2 d5 5.Qc2 c6 6.Nh3 Bd6 7.O-O O-O 8.Nd2 Qe8 
9.f4 Qh5 10.Nf3 Ng4 11.Nf2 Nd7 12.h3 Ngf6 13.Ne5 Ne4 14.Nxe4 fxe4 15.Be3 
Nxe5 16.dxe5 Be7 17.cxd5 exd5 18.g4 Qe8 19.Rab1 b6 20.b4 Bb7 21.a4 Qd7 22.
Rfd1 Qe6 23.a5 bxa5 24.bxa5 Ba6 25.Rbc1 Bb5 26.Qa2 Bc4 27.Qc2 Bb5 28.Bd4 
g6 29.e3 Bb4 30.Bc3 Bc5 31.Bd4 Bb4 32.Bc5 Bxc5 33.Qxc5 Rf7 34.Qd4 Bd3 35.
Rc5 Rb8 36.Qa1 Rfb7 37.Bf1 Bxf1 38.Rxf1 Rf8 39.Qc3 Rc7 40.Rd1 Rfc8 41.Kh2 
Kg7 42.a6 Kg8 43.Rb1 Qe7 44.Qd4 Kg7 45.Rc2 Re8 46.Rcb2 Rec8 47.Rb7 Kf7 48.
Qxa7 Qd8 49.Rxc7+ Rxc7 50.Rb7 1-0

[Event "Rewal 2011 - Open B"]
[Site "Rewal"]
[Date "2011.08.20"]
[Round "2.1"]
[White "Cyboran, Katarzyna"]
[Black "Bokiej, Przemyslaw"]
[Result "1/2-1/2"]
[WhiteElo "1869"]
[BlackElo "2097"]
[EventDate "2011.??.??"]
[PlyCount "87"]

1.e4 e6 2.d4 b6 3.Nf3 Bb7 4.Bd3 Nf6 5.Qe2 d5 6.e5 Nfd7 7.O-O c5 8.c3 Nc6 
9.a3 c4 10.Bc2 Be7 11.Nfd2 Na5 12.f4 g6 13.Nf3 h6 14.Nbd2 Qc7 15.Re1 O-O-O
16.Rb1 Kb8 17.Nf1 Rdg8 18.Ne3 Nf8 19.Bd2 g5 20.fxg5 hxg5 21.Ng4 Qd8 22.Rf1
Bc6 23.Nf6 Bxf6 24.exf6 Qc7 25.g3 Rh5 26.Rbe1 Ka8 27.Ne5 Rgh8 28.Rf2 Be8 
29.Qf1 Rg8 30.Qe2 Rhh8 31.Qg4 Nc6 32.Bxg5 Nh7 33.Bxh7 Rxh7 34.h4 Nxe5 35.
Rxe5 Ba4 36.Qe2 Qd7 37.Rg2 Bb3 38.g4 Ba2 39.Qd1 Rhh8 40.h5 Bb3 41.Qe2 Rd8 
42.Bh4 Qe8 43.g5 Qa4 44.Qf2 1/2-1/2

[Event "Rewal 2011 - Open B"]
[Site "Rewal"]
[Date "2011.08.20"]
[Round "2.2"]
[White "Zielinski, Wojciech"]
[Black "Wrobel, Maciej"]
[Result "1-0"]
[WhiteElo "2097"]
[BlackElo "1868"]
[EventDate "2011.??.??"]
[PlyCount "75"]

1.b3 Nf6 2.Bb2 g6 3.Nf3 Bg7 4.e3 O-O 5.c4 c5 6.Nc3 Nc6 7.Be2 d5 8.d4 cxd4 
9.exd4 Qa5 10.O-O Bg4 11.h3 Bxf3 12.Bxf3 dxc4 13.bxc4 Qb4 14.Qb3 Qxb3 15.
axb3 Nxd4 16.Bxb7 Rab8 17.Rxa7 Nxb3 18.Ba3 Nd2 19.Rc1 Nb3 20.Rd1 Na5 21.
Bf3 Nxc4 22.Bxe7 Rfe8 23.Nd5 Nxd5 24.Bxd5 Nb6 25.Bc6 Rec8 26.Bd6 Rd8 27.
Bd5 Nxd5 28.Bxb8 Rxb8 29.Rxd5 h5 30.Rdd7 Rb1+ 31.Kh2 Be5+ 32.g3 h4 33.Rxf7
hxg3+ 34.fxg3 Rb2+ 35.Kh1 Rb1+ 36.Kg2 Bd4 37.Rab7 Rg1+ 38.Kh2 1-0

[Event "Rewal 2011 - Open B"]
[Site "Rewal"]
[Date "2011.08.20"]
[Round "2.3"]
[White "Stankowski, Aleksander"]
[Black "Lewtak, Damian"]
[Result "1/2-1/2"]
[WhiteElo "1863"]
[BlackElo "2093"]
[EventDate "2011.??.??"]
[PlyCount "127"]

1.Nf3 e6 2.g3 Nf6 3.Bg2 c5 4.O-O Nc6 5.d3 d5 6.Nc3 Be7 7.e4 O-O 8.Ng5 h6 
9.Nh3 a6 10.f4 dxe4 11.Nxe4 Nxe4 12.Bxe4 f5 13.Bg2 Bf6 14.c3 Qd6 15.a4 Bd7
16.Be3 Rab8 17.Qc2 b6 18.Rfe1 Rfd8 19.Nf2 Ne7 20.Bd2 Nd5 21.Re2 b5 22.axb5
axb5 23.Ree1 b4 24.Reb1 Rb6 25.Nd1 Rdb8 26.Bxd5 exd5 27.cxb4 cxb4 28.Ra5 
b3 29.Qc5 Qxc5+ 30.Rxc5 Bd4+ 31.Be3 Bxc5 32.Bxc5 Re6 33.Ne3 Rc6 34.d4 Be6 
35.Ra1 g6 36.Kf2 Bf7 37.Ra7 Rb5 38.Ra8+ Kg7 39.Bf8+ Kf6 40.Bxh6 Rc2+ 41.
Nxc2 bxc2 42.Bg5+ Kg7 43.Rc8 Rxb2 44.Ke3 Be8 45.Rc7+ Kg8 46.Kd2 Ba4 47.Be7
Ra2 48.Rc3 Ra1 49.Ba3 Rh1 50.h4 Kf7 51.Rc7+ Kf6 52.Rc3 Rd1+ 53.Ke3 Ra1 54.
Kd2 Ke6 55.Bc1 Rb1 56.Ba3 Rd1+ 57.Ke3 Kd7 58.Bb2 Kd8 59.Ba3 Bb5 60.Bb2 
Re1+ 61.Kf3 Ba4 62.Kf2 Re4 63.Rc4 Bb3 64.Rc3 1/2-1/2

[Event "Rewal 2011 - Open B"]
[Site "Rewal"]
[Date "2011.08.20"]
[Round "2.4"]
[White "Zurkowski, Andrzej"]
[Black "Kuspak, Aleksander"]
[Result "1-0"]
[WhiteElo "2092"]
[BlackElo "1862"]
[EventDate "2011.??.??"]
[PlyCount "63"]

1.b3 c5 2.Bb2 d5 3.e3 Nf6 4.Nf3 Nc6 5.Bb5 Bg4 6.h3 Bxf3 7.Qxf3 a6 8.Bxc6+ 
bxc6 9.O-O e6 10.d3 Be7 11.Nd2 O-O 12.Qe2 Qc7 13.f4 Nd7 14.e4 Rae8 15.Rae1
e5 16.fxe5 Bh4 17.Rd1 Nxe5 18.Rf5 Ng6 19.Rdf1 Bg3 20.Qe3 Bh2+ 21.Kh1 Bd6 
22.Qf2 Qb7 23.Ba3 Bb8 24.Bxc5 Qc7 25.g3 Re5 26.Bxf8 Rxf5 27.Qxf5 Nxf8 28.
exd5 g6 29.d6 Qb7 30.Qf6 c5+ 31.Ne4 Ne6 32.Qe7 1-0

[Event "Rewal 2011 - Open B"]
[Site "Rewal"]
[Date "2011.08.20"]
[Round "2.5"]
[White "Stankiewicz, Pawel"]
[Black "Baryla, Lukasz"]
[Result "1-0"]
[WhiteElo "2064"]
[BlackElo "1860"]
[EventDate "2011.??.??"]
[PlyCount "53"]

1.e4 e6 2.d3 d5 3.Nd2 Nf6 4.g3 dxe4 5.dxe4 e5 6.Ngf3 Nc6 7.Bg2 Bc5 8.O-O 
Bg4 9.h3 Bh5 10.c3 Qd7 11.Qc2 a6 12.b4 Bb6 13.a4 O-O 14.Ba3 Rfe8 15.Rad1 
Rad8 16.Nc4 Qc8 17.Qe2 Bxf3 18.Qxf3 Qe6 19.Qe2 Rxd1 20.Rxd1 Rd8 21.Rxd8+ 
Nxd8 22.Qd3 Nc6 23.b5 axb5 24.axb5 Na5 25.Nxb6 cxb6 26.Qd8+ Ne8 27.Be7 1-0